[Event "35th European Club Cup 2019"]
[Site "Ulcinj"]
[Date "2019.11.12"]
[Round "3.26"]
[White "Andreikin, Dmitry"]
[Black "Matlakov, Maxim"]
[Result "1/2-1/2"]
[WhiteElo "2733"]
[BlackElo "2710"]
[Annotator "TA"]
[PlyCount "62"]
[EventDate "2019.11.10"]
[EventType "team-tourn"]
[EventCountry "MNE"]
[SourceTitle "playchess.com"]
[Source "ChessBase"]
[SourceQuality "1"]
[WhiteTeam "Alkaloid"]
[BlackTeam "Mednyi Vsadnik"]

{[%evp 14,62,35,31,30,38,36,34,21,29,37,32,20,29,44,4,29,32,27,22,14,26,22,24,62,0,0,7,0,0,8,-14,-6,-4,0,0,0,0,0,0,0,0,0,0,0,0,0,0,0,-9,0]} 1. d4 Nf6 2. c4 e6 3. Nc3 Bb4 4. Nf3 c5 5. g3 Nc6 6. Bg2 Ne4 7. Bd2 Nxd2 8. Qxd2 cxd4 {E20: Nimzo-Indian: 4 g3 and 4 f3} 9. Nxd4 O-O 10. O-O $146 ({Predecessor:} 10. Nc2 Be7 11. O-O a6 12. Rfd1 Qc7 13. Ne4 Ne5 14. b3 b5 15. Nd6 {½-½ (25) Olafsson,H (2545)-Christiansen,L (2555) Reykjavik 1986}) 10... Ne5 {White is slightly better.} 11. b3 a6 12. Rfd1 Rb8 13. Nc2 Be7 14. Ne4 Qc7 15. Nd6 b5 16. cxb5 axb5 17. Rac1 Rb6 {[%cal Rb6d6]} 18. Nxc8 Rxc8 19. Nd4 (19. Ne3 $14 Qd8 20. Rxc8 Qxc8 21. f4) 19... Qb8 $11 {The position is equal.} 20. Rxc8+ Qxc8 21. Rc1 Qb8 22. a4 bxa4 23. bxa4 Rb1 24. Nb5 Bb4 25. Qc2 Rxc1+ 26. Qxc1 h6 27. Qf4 Bc5 28. h4 d6 29. Qe4 g5 30. hxg5 hxg5 31. Qb7 Qd8 {Accuracy: White = 63%, Black = 82%.} 1/2-1/2

[Event "35th European Club Cup 2019"]
[Site "Ulcinj"]
[Date "2019.11.12"]
[Round "3.27"]
[White "Alekseenko, Kirill"]
[Black "Shankland, Sam"]
[Result "1/2-1/2"]
[WhiteElo "2715"]
[BlackElo "2679"]
[Annotator "TA"]
[PlyCount "87"]
[EventDate "2019.11.10"]
[EventType "team-tourn"]
[EventCountry "MNE"]
[SourceTitle "playchess.com"]
[Source "ChessBase"]
[SourceQuality "1"]
[WhiteTeam "Mednyi Vsadnik"]
[BlackTeam "Alkaloid"]

{[%evp 14,87,17,13,35,32,45,40,37,19,22,32,28,-14,-9,-39,-28,-34,-35,-43,-43,-51,-31,-52,-51,-64,-37,-34,-34,-34,-33,-54,-69,-56,-43,-36,-2,-58,12,-8,-14,-11,-14,-10,0,-14,2,0,0,0,2,5,4,1,12,15,23,0,0,0,0,-14,0,-8,0,0,0,0,8,0,0,0,4,4,8,0]} 1. e4 c5 2. Nf3 d6 3. d4 cxd4 4. Nxd4 Nf6 5. Nc3 a6 6. g3 e5 7. Nde2 Be7 8. Bg2 h5 {B91: Sicilian Najdorf: 6 g3} (8... O-O 9. O-O b5 10. Nd5 Nbd7 11. Nec3 Nb6 12. Nxf6+ Bxf6 13. b3 Be6 14. Ba3 Qc7 15. Qd3 Rfc8 16. Bb4 a5 17. Nxb5 Qxc2 18. Qxc2 Rxc2 19. Bxd6 {½-½ (73) Vachier Lagrave,M (2778)-Wojtaszek,R (2749) Shenzhen 2018}) 9. h3 b5 10. Nd5 Nbd7 {White is slightly better.} 11. Nec3 Nxd5 12. Nxd5 h4 13. a4 $146 ({Predecessor:} 13. Be3 Bb7 14. O-O Rc8 15. c3 {½-½ (35) Stoyanov,Z (2471)-Goncharenko,G (2501) ICCF 2014}) 13... bxa4 14. Rxa4 (14. g4 {looks sharper.} Nc5 15. O-O O-O 16. f4 Bb7 17. g5) 14... Nb6 15. Ra3 Nxd5 16. Qxd5 Be6 17. Qa5 Qb8 18. Qa4+ Bd7 19. Qb3 O-O 20. gxh4 Qxb3 21. Rxb3 Bxh4 22. Rd3 Rfc8 23. c3 Be7 24. h4 a5 25. h5 (25. Bh3 $11 Bxh3 26. Rhxh3) 25... Kh7 ({Black should try} 25... Rc4 $15) 26. Rf3 f6 27. Rg3 a4 28. Rg1 {With the idea Bh3.} Bf8 29. Kd2 Rc7 (29... Ra5 {seems wilder.} 30. Rd1 Rc7 31. Ke2 Bc6 32. Bf3 Rc5) 30. Bh3 Bxh3 31. Rxh3 Ra5 32. Kc2 d5 33. exd5 Rxd5 34. Rh4 Ra5 35. Bd2 f5 {The position is equal.} 36. f3 Be7 37. Rhh1 Rd5 38. Bg5 e4 39. fxe4 fxe4 40. Bf4 Bd6 41. Bxd6 Rxd6 42. Re1 Rc4 43. Rh4 Re6 44. b3 {Accuracy: White = 46%, Black = 48%.} 1/2-1/2

[Event "35th European Club Cup 2019"]
[Site "Ulcinj"]
[Date "2019.11.12"]
[Round "3.28"]
[White "Inarkiev, Ernesto"]
[Black "Fedoseev, Vladimir"]
[Result "1/2-1/2"]
[WhiteElo "2665"]
[BlackElo "2672"]
[Annotator "TA"]
[PlyCount "122"]
[EventDate "2019.11.10"]
[EventType "team-tourn"]
[EventCountry "MNE"]
[SourceTitle "playchess.com"]
[Source "ChessBase"]
[SourceQuality "1"]
[WhiteTeam "Alkaloid"]
[BlackTeam "Mednyi Vsadnik"]

{[%evp 20,122,12,14,10,6,10,16,9,8,19,15,11,0,21,0,0,0,0,0,3,-12,0,0,0,0,10,0,0,-37,-3,-6,-6,-9,0,-2,-4,-4,0,0,0,-64,0,0,0,0,0,7,25,0,0,7,8,-76,-60,-82,-85,-92,-77,-79,-87,-110,-74,-84,-81,-70,-81,-244,-151,-151,-151,-151,-105,-151,0,-151,-151,-151,-151,-151,-139,-140,-140,-343,-112,-98,-70,-150,-150,-150,-150,-150,-149,-137,-123,-123,-80,-80,0,0,0,-80,0,0,0]} 1. e4 c5 2. Nf3 Nc6 3. d4 cxd4 4. Nxd4 Nf6 5. Nc3 e5 6. Ndb5 d6 7. Nd5 Nxd5 8. exd5 Ne7 9. c4 Nf5 10. Bd3 g6 11. O-O a6 {B33: Sicilian: Pelikan and Sveshnikov Variations} 12. Nc3 (12. Bg5 Be7 13. Bxe7 Qxe7 14. Nc3 O-O 15. Qd2 Bd7 16. Rfe1 Rac8 17. Rac1 Nd4 18. Ne2 Nxe2+ 19. Bxe2 {½-½ (31) Jaederholm,B (2470)-Vaclav,J (2474) ICCF email 2005}) 12... Bg7 13. b3 O-O 14. Ne4 Qc7 $146 ({Predecessor:} 14... Re8 15. Bb2 Nd4 16. Bxd4 exd4 17. Re1 Bf5 18. Qf3 Qa5 19. b4 Qxb4 {½-½ (41) Knabe,S (1807)-Koetz,A (2027) Berlin 2016}) 15. Ba3 Rd8 16. Rc1 b6 17. Re1 Nh6 18. Qd2 f5 19. Ng5 Ng4 20. b4 (20. g3 {with more complications.} Qe7 21. Bb2 Bf6 22. Nf3 e4 23. Bf1) 20... h6 21. Ne6 Bxe6 $1 22. dxe6 Qe7 23. f3 Nf6 24. Qe3 Rab8 25. Bc2 Kh7 26. Bb3 Ne8 27. c5 d5 $1 28. cxb6 d4 29. Qd3 Rxb6 30. Rc5 (30. g3 $11) 30... Nd6 ({Better is} 30... Nc7 $15) 31. Rcxe5 $11 Bxe5 32. Rxe5 Nb5 33. Bc1 Nc7 34. Qd2 Qg7 $1 35. e7 Re8 $1 36. Re1 (36. h4 $11 {remains equal.}) 36... Rd6 37. b5 Nxb5 {[%cal Bc7b5,Bb5c3,Bc3d5,Bd5e3][%mdl 32]} 38. a4 Nc3 {Strongly threatening ...Rd7.} 39. Ba3 Rb6 40. Bc2 Nd5 41. a5 {[#]} Rb7 $1 {[%cal Rd5e7]} 42. h4 Ne3 $1 {[%cal Re3c4] aiming for ...Nc4.} 43. h5 $2 (43. Bc5 $17 {keeps fighting.}) 43... gxh5 44. Rxe3 dxe3 45. Bxf5+ Kh8 46. Qxe3 Qf6 $2 ({Black should play} 46... Rbxe7 $17 47. Bxe7 Rxe7) 47. Be4 $2 (47. Bd7 $1 $11 Rb1+ 48. Kh2 Qh4+ 49. Bh3) 47... Rexe7 $17 48. Bxe7 Rxe7 {[%mdl 4096] Endgame KQR-KQB} 49. Qc5 h4 50. Bd3 {[#]} h3 $1 {Hoping for ...Rg7!} 51. gxh3 $2 {[#]} (51. Qc8+ $17 Kg7 52. Qg4+ Kf8 53. Qc8+ Re8 54. Qc5+ Kg7 55. gxh3) 51... Qa1+ $2 (51... Qg7+ $1 $19 {has better winning chances.} 52. Kf2 Qb2+ 53. Bc2 Qe5 54. Qxe5+ Rxe5) 52. Bf1 {[#]} Qe1 $1 53. Qc8+ (53. Kh2 $1 $15) 53... Re8 54. Qxa6 Qg3+ 55. Kh1 Qxf3+ 56. Kh2 Qf4+ 57. Kh1 Rg8 {( -> ...Qf3+)} 58. Qd3 Rg3 (58... Qf6 $17 {...Qc6+ is the strong threat.} 59. a6 Rc8) 59. Qd8+ $11 Rg8 (59... Kg7 $11 60. Qe7+ Kh8 61. Qd8+ Rg8) 60. Qd3 $17 Rg3 ({Black should try} 60... Rc8 $17 61. a6 Qf6) 61. Qd8+ $11 Rg8 {Accuracy: White = 53%, Black = 53%.} 1/2-1/2

[Event "35th European Club Cup 2019"]
[Site "Ulcinj"]
[Date "2019.11.12"]
[Round "3.29"]
[White "Ponkratov, Pavel"]
[Black "Kryvoruchko, Yuriy"]
[Result "1-0"]
[WhiteElo "2619"]
[BlackElo "2683"]
[Annotator "TA"]
[PlyCount "115"]
[EventDate "2019.11.10"]
[EventType "team-tourn"]
[EventCountry "MNE"]
[SourceTitle "playchess.com"]
[Source "ChessBase"]
[SourceQuality "1"]
[WhiteTeam "Mednyi Vsadnik"]
[BlackTeam "Alkaloid"]

{[%evp 16,115,0,8,10,0,0,0,3,6,5,0,0,0,0,7,26,21,26,20,26,26,27,30,46,8,45,7,50,46,76,76,83,77,190,166,210,206,212,187,164,200,269,161,96,32,31,0,0,0,428,428,427,428,427,428,424,424,407,416,404,390,335,305,613,540,584,559,562,545,525,516,428,630,603,594,595,588,438,415,1057,1027,12833,12834,12833,12832,12842,12842,12843,12842,12844,12845,12845,12843,12844,12843,12844,12843,12844,12844,12845,12845]} 1. e4 e5 2. Nf3 Nc6 3. Bb5 Nf6 4. O-O Nxe4 5. d4 Nd6 6. dxe5 Nxb5 7. a4 Nbd4 8. Nxd4 Nxd4 9. Qxd4 d5 {C67: Ruy Lopez: Berlin Defence: 4 0-0 Nxe4} 10. c4 (10. Qd3 c6 11. a5 Be6 12. Nc3 Qd7 13. Ne2 Bf5 14. Qc3 Be7 15. Bh6 d4 16. Nxd4 gxh6 17. e6 Bxe6 18. Nxe6 {1-0 (30) Vitiugov,N (2726)-Harikrishna,P (2730) Prague 2019}) 10... dxc4 $146 ({Predecessor:} 10... Be6 11. cxd5 Qxd5 12. Qf4 Qc4 13. Qg3 Qg4 14. Qe3 Be7 15. Nc3 O-O 16. a5 Rfd8 17. Ra4 {½-½ (77) Buecker,S (2349)-Schuh,D (2270) Germany 2006}) 11. Qxc4 Be7 {The position is equal.} 12. Nc3 O-O 13. Qe4 c6 14. a5 Be6 15. Be3 Re8 16. f4 f5 17. Qc2 Bb4 18. Rfd1 Qe7 19. Ne2 g6 20. a6 (20. Nc1 {keeps more tension.} Qc7 21. Nb3 Qf7 22. Nc5 Bd5 23. Rd4) 20... c5 (20... Qf7 {is more complex.} 21. axb7 Qxb7 22. Nc3 a5 23. Na4 Qb5) 21. Bd2 Bxd2 22. Rxd2 b6 23. Nc3 Rad8 24. Rad1 c4 (24... Kf8 $16) 25. Rd6 $18 Rxd6 26. Rxd6 ({Weaker is} 26. exd6 Qd7 $14) 26... Rd8 27. Nb5 $1 Rxd6 28. exd6 Qf6 29. Qd2 ({Stronger than} 29. Nxa7 Qd4+ 30. Kh1 Qxf4 $11) (29. h3 $142) 29... Bd7 30. Nxa7 (30. Qd5+ $1 $16 Qf7 31. Qe5 Bxb5 32. Qxb5) 30... Qe6 $1 $14 31. h3 {aiming for Kh1.} Qe4 32. Kh1 Qd3 $2 {[%mdl 8192]} ({Wrong is} 32... Qa8 $2 33. Qd4 $18) (32... Qb1+ $1 $11 {and Black has nothing to worry.} 33. Kh2 Qe4) 33. Qxd3 $1 $18 cxd3 {[%mdl 4096] Endgame KB-KN} 34. Nb5 $1 {Strongly threatening a7.} Kf7 35. a7 Bc6 36. Kg1 $1 d2 37. Nc3 Ke6 38. Kf2 Kxd6 39. g3 $1 Kc7 $2 (39... Kc5 40. Ke2 b5) 40. Ke3 Kb7 41. Kxd2 Kxa7 42. Kd3 Kb7 {[#]} 43. Kd4 $1 Bg2 44. h4 Kc6 45. Ke5 Kc5 {[#]} 46. h5 $1 {[%cal Rh5h6][%mdl 512]} gxh5 47. Kxf5 Kd4 (47... Kd6 $142 48. Kf6 Bf1 49. Ne4+ Kd5) 48. Kg5 {White is clearly winning.} Bc6 49. Kxh5 b5 50. Kh6 Bd7 51. Kxh7 b4 52. Na2 b3 53. Nc1 Ke4 54. Kg6 Be6 55. Kg5 Bc4 56. g4 Ke3 57. f5 Kf3 58. f6 {Accuracy: White = 78%, Black = 31%.} 1-0

[Event "35th European Club Cup 2019"]
[Site "Ulcinj"]
[Date "2019.11.12"]
[Round "3.30"]
[White "Kovalev, Vladislav"]
[Black "Goganov, Aleksey"]
[Result "1/2-1/2"]
[WhiteElo "2674"]
[BlackElo "2565"]
[Annotator "TA"]
[PlyCount "60"]
[EventDate "2019.11.10"]
[EventType "team-tourn"]
[EventCountry "MNE"]
[SourceTitle "playchess.com"]
[Source "ChessBase"]
[SourceQuality "1"]
[WhiteTeam "Alkaloid"]
[BlackTeam "Mednyi Vsadnik"]

{[%evp 10,60,20,22,20,14,20,10,14,11,24,11,21,0,0,0,4,0,0,0,0,0,0,14,20,20,20,22,18,26,40,13,62,0,0,0,0,0,0,0,0,0,0,0,0,0,0,0,0,0,0,0,0]} 1. e4 e6 2. d4 d5 3. Nd2 c5 4. Ngf3 cxd4 5. exd5 Qxd5 6. Bc4 Qd7 {C07: French Tarrasch: 3...c5, 4 Ngf3 and 4 exd5 Qxd5} 7. O-O Nc6 8. Nb3 {[%cal Rb3d4]} a6 9. Nbxd4 Nxd4 10. Nxd4 Qc7 11. Qe2 Bd6 12. Re1 Ne7 13. Nf3 O-O 14. Bd3 Ng6 {[#]} 15. g3 $146 ({Predecessor:} 15. h4 Nf4 16. Bxf4 Bxf4 {½-½ (52) Jones,G (2645)-Shimanov,A (2655) Tromsoe 2013}) 15... b5 16. Ng5 h6 17. Bxg6 fxg6 18. Nxe6 Bxe6 19. Qxe6+ {[%mdl 64] [#] Double Attack} Kh7 $1 20. Be3 Rae8 21. Qb3 (21. Qd5 $14) 21... Bc5 $1 $11 {The position is equal.} 22. Qc3 (22. Qd3 {is more complex.} Bxe3 23. Rxe3 Rxe3 24. fxe3 Qe5 25. Qd4) 22... Bxe3 23. Rxe3 Qxc3 24. Rxc3 {[%mdl 4096] Endgame KRR-KRR} Re2 25. Rf1 Rd8 26. a4 Rdd2 27. axb5 axb5 28. Rb3 Rxc2 29. Rxb5 Rxb2 30. Rxb2 Rxb2 {Accuracy: White = 85%, Black = 85%.} 1/2-1/2

[Event "35th European Club Cup 2019"]
[Site "Ulcinj"]
[Date "2019.11.12"]
[Round "3.31"]
[White "Mamedov, Rauf"]
[Black "Sjugirov, Sanan"]
[Result "1-0"]
[WhiteElo "2648"]
[BlackElo "2657"]
[Annotator "TA"]
[PlyCount "81"]
[EventDate "2019.11.10"]
[EventType "team-tourn"]
[EventCountry "MNE"]
[SourceTitle "playchess.com"]
[Source "ChessBase"]
[SourceQuality "1"]
[WhiteTeam "Vugar Gashimov"]
[BlackTeam "Law & Order"]

{[%evp 13,81,44,47,30,31,16,19,22,47,20,25,22,24,22,65,59,58,63,113,77,96,55,57,62,58,56,78,79,136,143,153,155,166,109,196,193,232,237,279,276,275,277,281,283,280,268,277,269,276,272,370,283,382,312,312,312,394,305,303,289,294,282,286,287,298,298,302,299,360,339]} 1. e4 e5 2. Nf3 Nc6 3. Bc4 Bc5 4. c3 Nf6 5. d3 O-O 6. O-O d5 7. exd5 Nxd5 8. a4 {C54: Giuoco Piano: 4 c3 Nf6, main lines with 5 d4 and 5 d3} a6 9. a5 b5 10. axb6 {The position is equal.} Nxb6 11. Bb3 Bf5 12. Bc2 Qd7 13. Qe2 {[#]} Nd5 $146 ({Predecessor:} 13... Rfd8 14. Nxe5 {½-½ (46) Caruana,F (2823)-Kramnik,V (2809) London 2016}) 14. Na3 Rfe8 15. Nc4 {[%cal Rf3e5]} Bg4 16. h3 Bh5 17. Nfxe5 Bxe2 18. Nxd7 Bxf1 19. Kxf1 {[#] Threatens to win with Ba4.} Ba7 20. d4 ({Worse is} 20. Rxa6 {[#]} Ncb4 $1 $17 {[%mdl 512]}) 20... Nxd4 (20... f6 $142) 21. cxd4 $16 Bxd4 22. Bg5 h6 23. Bh4 ({Better is} 23. Rd1 $18) 23... Nb4 (23... Nb6 $16 24. Ndxb6 cxb6) 24. Bf5 $18 a5 25. Rd1 ({Weaker is} 25. Rxa5 Rxa5 26. Nxa5 Bxb2 $14) 25... Ba7 26. Bg3 Nc6 27. Bxc7 Nd4 28. Bd3 a4 29. Ndb6 Bxb6 30. Nxb6 Ra7 31. Bd6 Nb3 32. Ba3 Ra5 33. Nc4 Raa8 34. Nd6 Re7 35. Bc4 Rd8 36. Rd3 Rc7 {...Rxc4 is the strong threat.} 37. Bxb3 axb3 38. Rxb3 Rc1+ 39. Ke2 Rc2+ 40. Ke3 Rd7 41. Rc3 {Accuracy: White = 68%, Black = 49%.} 1-0

[Event "35th European Club Cup 2019"]
[Site "Ulcinj"]
[Date "2019.11.12"]
[Round "3.32"]
[White "Alekseev, Evgeny"]
[Black "Asadli, Vugar"]
[Result "1/2-1/2"]
[WhiteElo "2623"]
[BlackElo "2513"]
[Annotator "ChessBase"]
[PlyCount "75"]
[EventDate "2019.11.10"]
[EventType "team-tourn"]
[EventCountry "MNE"]
[SourceTitle "playchess.com"]
[Source "ChessBase"]
[SourceQuality "1"]
[WhiteTeam "Law & Order"]
[BlackTeam "Vugar Gashimov"]
[TimeControl "40/5400+30:1800+30"]

1. e4 {[%emt 0:00:00]} e5 {[%emt 0:00:00]} 2. Nf3 {[%emt 0:00:00]} Nc6 {[%emt 0:00:00]} 3. Bc4 {[%emt 0:00:18]} Nf6 {[%emt 0:01:02]} 4. d3 {[%emt 0:01:17]} h6 {[%emt 0:02:26]} 5. O-O {[%emt 0:05:53]} d6 {[%emt 0:00:30]} 6. a3 {[%emt 0:09:26]} g5 {[%emt 0:09:27]} 7. Be3 {[%emt 0:10:29]} Bg7 {[%emt 0:02:06]} 8. Nc3 {[%emt 0:03:01]} O-O {[%emt 0:06:07]} 9. h3 {[%emt 0:17:30]} Be6 {[%emt 0:07:07]} 10. Bxe6 {[%emt 0:05:15]} fxe6 {[%emt 0:00:05]} 11. Ne2 {[%emt 0:00:17]} Nh5 {[%emt 0:12:46]} 12. Nh2 {[%emt 0:04:51]} Qe8 {[%emt 0:01:26]} 13. c3 {[%emt 0:01:59]} Nf4 {[%emt 0:08:26]} 14. Qc2 {[%emt 0:03:27]} Qg6 {[%emt 0:02:24]} 15. Rad1 {[%emt 0:04:50]} Rad8 {[%emt 0:03:45]} 16. b4 {[%emt 0:02:08]} a6 {[%emt 0:01:20]} 17. a4 {[%emt 0:00:40]} b5 {[%emt 0:03:13]} 18. Ra1 {[%emt 0:01:13]} Ra8 {[%emt 0:01:55]} 19. Ra3 {[%emt 0:04:00]} d5 {[%emt 0:02:49]} 20. Bc5 {[%emt 0:05:57]} Rfd8 {[%emt 0:01:07]} 21. Rfa1 {[%emt 0:00:13]} bxa4 {[%emt 0:00:50]} 22. Rxa4 {[%emt 0:02:19]} Nb8 {[%emt 0:04:17]} 23. b5 {[%emt 0:07:36]} Nd7 {[%emt 0:02:35]} 24. Be3 {[%emt 0:00:17]} a5 {[%emt 0:02:02]} 25. Rxa5 {[%emt 0:01:06]} Rxa5 {[%emt 0:00:07]} 26. Rxa5 {[%emt 0:00:03]} Nb6 {[%emt 0:08:08]} 27. Ra7 {[%emt 0:02:35]} dxe4 {[%emt 0:00:54]} 28. dxe4 {[%emt 0:00:04]} Nxe2+ {[%emt 0:02:20]} 29. Qxe2 {[%emt 0:00:02]} Qxe4 {[%emt 0:00:11]} 30. Nf1 {[%emt 0:02:56]} Nd5 {[%emt 0:00:51]} 31. Ng3 {[%emt 0:02:19]} Nxc3 {[%emt 0:03:34]} 32. Nxe4 {[%emt 0:02:10]} Nxe2+ {[%emt 0:00:06]} 33. Kh2 {[%emt 0:01:00]} Nd4 {[%emt 0:01:10]} 34. Rxc7 {[%emt 0:01:12]} Nxb5 {[%emt 0:00:03]} 35. Rb7 {[%emt 0:00:31]} Nd6 {[%emt 0:00:32]} 36. Nxd6 {[%emt 0:00:24]} Rxd6 {[%emt 0:00:03]} 37. Kg3 {[%emt 0:00:24]} Kh7 {[%emt 0:00:27]} 38. h4 {[%emt 0:00:40]} 1/2-1/2

[Event "35th European Club Cup 2019"]
[Site "Ulcinj"]
[Date "2019.11.12"]
[Round "3.33"]
[White "Sadikhov, Ulvi"]
[Black "Rakhmanov, Aleksandr"]
[Result "0-1"]
[WhiteElo "2502"]
[BlackElo "2638"]
[Annotator "TA"]
[PlyCount "96"]
[EventDate "2019.11.10"]
[EventType "team-tourn"]
[EventCountry "MNE"]
[SourceTitle "playchess.com"]
[Source "ChessBase"]
[SourceQuality "1"]
[WhiteTeam "Vugar Gashimov"]
[BlackTeam "Law & Order"]

{[%evp 9,96,0,0,4,19,27,25,30,28,28,16,0,11,12,13,14,8,11,3,7,32,6,26,0,0,-6,0,0,11,0,6,-53,-34,-16,-21,-56,-41,-47,-33,-34,-37,-37,-41,-60,-46,-83,-86,-89,-76,-93,-91,-96,-91,-96,-91,-105,-92,-267,-267,-262,-260,-257,-231,-295,-292,-283,-264,-403,-406,-398,-377,-483,-483,-477,-452,-520,-523,-527,-518,-763,-760,-1631,-1529,-1313,-1620,-1554,-1482,-1371,-1315]} 1. e4 e5 2. Nf3 Nf6 3. d4 Nxe4 4. dxe5 d5 5. Nbd2 Nxd2 6. Bxd2 {C43: Petroff Defence: 3 d4} c5 7. Bg5 Qa5+ 8. c3 {White has an edge.} Be6 9. Bd3 h6 {[#] Hoping for ...c4.} 10. Bd2 Nc6 11. O-O Be7 $146 ({Predecessor:} 11... Qc7 12. Re1 g5 13. b4 c4 {1-0 (40) Gashimov,V (2740)-Fridman,D (2665) Mainz 2009}) 12. Re1 Rd8 13. h3 Qc7 14. Qe2 a6 15. Rad1 Qd7 16. Bb1 Bf5 17. Nh2 Bxb1 18. Rxb1 O-O 19. Qh5 Qe6 20. Ng4 ({White should play} 20. f4 $11) 20... Qg6 21. Qxg6 fxg6 22. b4 b5 23. bxc5 $1 Bxc5 24. Be3 Bxe3 25. Rxe3 Rf4 26. Rd1 Kf7 27. g3 Ra4 28. Rd2 g5 29. e6+ Ke7 30. Rde2 Rd6 31. Kg2 d4 32. cxd4 Nxd4 33. Rd2 $2 (33. Rb2 $17) 33... Nf5 $19 (33... Nxe6 34. Rc2 $15) ({Not} 33... Rxe6 34. Red3 $15) 34. Ree2 Rxd2 ({Less strong is} 34... Rxe6 35. Ne5 $17) 35. Rxd2 Kxe6 {[%mdl 4096] Endgame KRN-KRN} 36. f3 Nd4 37. Nf2 Kd5 38. Ne4 (38. h4 $142) 38... Ra3 39. Nf2 Kc4 40. f4 gxf4 {Black is clearly winning.} 41. gxf4 b4 42. Ne4 a5 {[%cal Ba6a5,Ba5a4,Ba4b3][%mdl 32]} 43. Nd6+ {[#]} Kc5 $1 44. Ne8 a4 45. Nxg7 b3 46. axb3 axb3 {( -> ...Ra2)} 47. Rd1 Ra7 48. Ne8 Ra2+ {Accuracy: White = 55%, Black = 73%.} 0-1

[Event "35th European Club Cup 2019"]
[Site "Ulcinj"]
[Date "2019.11.12"]
[Round "3.34"]
[White "Kokarev, Dmitry"]
[Black "Buksa, Nataliya"]
[Result "1-0"]
[WhiteElo "2601"]
[BlackElo "2410"]
[Annotator "TA"]
[PlyCount "63"]
[EventDate "2019.11.10"]
[EventType "team-tourn"]
[EventCountry "MNE"]
[SourceTitle "playchess.com"]
[Source "ChessBase"]
[SourceQuality "1"]
[WhiteTeam "Law & Order"]
[BlackTeam "Vugar Gashimov"]

{[%evp 9,63,0,8,13,32,0,0,-3,0,0,12,0,13,18,29,0,46,37,91,89,125,79,95,99,174,172,193,177,241,239,246,241,228,247,243,235,365,356,456,355,335,335,358,331,337,338,490,475,733,730,1120,1056,2370,2337,29992,29993]} 1. Nf3 d5 2. g3 g6 3. c4 c6 4. Qa4 d4 5. Bg2 Bg7 6. O-O {A11: English Opening: 1...c6} (6. d3 Nd7 7. O-O Nh6 8. Nbd2 O-O 9. b4 e5 10. c5 a6 11. Nc4 f6 12. Qb3 {0-1 (66) Kramnik,V (2777)-Shankland,S (2725) Wijk aan Zee 2019}) 6... Nf6 7. d3 O-O 8. b4 {The position is equal.} Re8 $146 ({Predecessor:} 8... a5 9. Bb2 Nh5 10. Nbd2 Na6 11. b5 {1-0 (77) Ehlvest,J (2536)-Smirnov,A (2527) chess.com INT 2018}) 9. Nbd2 e5 10. Bb2 Na6 11. Rfe1 Bh6 12. c5 Nd5 13. a3 Bg4 ({Black should play} 13... f6 $14) 14. Nc4 $16 Qc7 15. Nfd2 Bg7 16. Ne4 Qe7 (16... Red8 $16) 17. Ned6 $18 Reb8 {[#]} 18. e3 $1 dxe3 (18... Be6 {keeps fighting.} 19. exd4 exd4 20. Bxd5 cxd5) 19. Nxe3 ({But not} 19. fxe3 $6 Bd7 $16) 19... Nxe3 20. Rxe3 ({Weaker is} 20. fxe3 Nc7 $14) 20... Nc7 {[#]} 21. Bxe5 $1 {[%mdl 512]} Bxe5 {[#]} 22. Rae1 $1 Qd7 (22... f6 $142) 23. Rxe5 Be6 24. d4 b5 25. Qd1 a5 26. h4 axb4 27. axb4 Nd5 (27... Ra6 $142 28. h5 Rba8) 28. Qd2 Kg7 (28... Rf8 $142 29. h5 Qd8) 29. h5 Ra4 30. Bxd5 Bxd5 31. h6+ Kf8 32. Qg5 {Accuracy: White = 84%, Black = 30%.} 1-0

[Event "35th European Club Cup 2019"]
[Site "Ulcinj"]
[Date "2019.11.12"]
[Round "3.35"]
[White "Suleymanli, Aydin"]
[Black "Rozum, Ivan"]
[Result "1-0"]
[WhiteElo "2429"]
[BlackElo "2593"]
[Annotator "TA"]
[PlyCount "35"]
[EventDate "2019.11.10"]
[EventType "team-tourn"]
[EventCountry "MNE"]
[SourceTitle "playchess.com"]
[Source "ChessBase"]
[SourceQuality "1"]
[WhiteTeam "Vugar Gashimov"]
[BlackTeam "Law & Order"]

{[%evp 9,49,20,20,20,32,23,19,12,20,46,47,35,40,26,49,45,54,47,33,45,230,176,404,403,504,340,1142,1133,1288,943,1279,1280,1265,818,812,807,29987,29988,29988,29989,29996,29997]} 1. Nf3 Nf6 2. d4 e6 3. c4 d5 4. Nc3 a6 5. cxd5 exd5 6. Bg5 {D37: Queen's Gambit Declined: 5 Bf4} Be6 7. Bxf6 $146 (7. e3 Nbd7 8. Bd3 c6 9. Qb3 Qb6 10. Qxb6 Nxb6 11. Bxf6 gxf6 12. Nh4 a5 13. O-O-O Bb4 {1-0 (40) So,W (2767)-Demchenko,A (2655) Khanty-Mansiysk 2019}) ({Predecessor:} 7. Qb3 b5 8. Bxf6 {1-0 (24) Checa,N (2495)-Korley,K (2453) Charlotte 2018}) 7... Qxf6 8. Qb3 {The position is equal.} b5 9. a4 ({Not} 9. Nxd5 $2 Qd8 $19) 9... b4 10. Nxd5 Qd8 11. e4 $36 {[%mdl 2048] [#] And now Bc4 would win. White is pushing.} c6 12. Qe3 $1 cxd5 13. exd5 Qxd5 {...Bd6 is the strong threat.} 14. Rc1 {Strongly threatening Bc4.} Kd8 $2 (14... Be7 $14) 15. Bd3 {[%mdl 1024] Hoping for Be4. White has strong compensation.} (15. Qf4 $2 Bd6 $19) 15... Ra7 $2 (15... Qd6) 16. Be4 $18 Qb3 {aiming for ...Qxe3+.} 17. Qg5+ Re7 $2 {[#]} (17... f6 18. Qa5+ Ke8) 18. Qf4 {Played: Qg5-e5} 1-0